01337 2200373 4500035002000000001002100020005001700041006001900058007000300077008004100080856016600121020002300287040002700310082002000337084001800357090002500375100003700400245011700437250003500554264004700589264001500636300004600651336002400697337003300721338002600754504003000780542002400810650002000834650002700854700002700881850001300908999002100921999002100942 a0010-0122000979INLIS00000000089098220210929122241.0aa f 000 0 ta210929s2018 jiia f 000 0 ind  x http://opac.perpusnas.go.id/uploaded_files/sampul_koleksi/original/Monograf/1159270.JPG?rnd=1965013968y http://opac.perpusnas.go.id/DetailOpac.aspx?id=1159270  a 978-602-482-524-9 a JKPNPNA b ind e rda042 [23]a 371.39  a 371.39 JOK p a CB-D.13 2018-0335760 a Joko Widodo d 1968- e penulis00a Penerapan problem base learning dalam implementasi kurikulum 2013 c Penulis, Joko Widodo ; editor, Sri Subekti a Cetakan pertama, Oktober 2018 1a Surabaya : b Pustaka Media Guru, c 2018 4a © 2018 a iv, 58 halaman ; b ilustrasi ; c 29 cm 2 rdacontenta teks  2 rdamediaa tanpa perantara  2 rdacarriera volume  a Bibliografi : halaman 55 a Pustaka Media Guru 4a Metode belajar 4a Pengajaran terprogram0 a Sri Subekti e editor a JKPNPNA a 201800101073519 a 201800101073520